| 000 | 00659nam a2200205Ia 4500 | ||
|---|---|---|---|
| 005 | 20260429112334.0 | ||
| 008 | 260429s9999||||xx |||||||||||||| ||und|| | ||
| 020 | _a9788126729203 | ||
| 041 | _aHindi | ||
| 082 |
_a891.433 _bSIN |
||
| 100 | _aसिंह, नामवर | ||
| 245 | 0 |
_aरामचंद्र शुक्ल रचनावली / _cनामवर सिंह |
|
| 250 | _a1st ed. | ||
| 260 |
_aनई दिल्ली : _bराजकमल प्रकाशन, _c2016. |
||
| 300 | _a483 p.; Hb | ||
| 440 | _vखंड- 2 | ||
| 650 | _aHindi Literature | ||
| 700 | _a त्रिपाठी, आशीष | ||
| 942 | _cTB | ||
| 999 |
_c53576 _d53576 |
||